000 00426nam a2200145Ia 4500
008 210716s1960 xx 000 0 und d
041 _aeng
082 _a153 SNEB
100 _aSnell, Bruno.
245 _aDiscovery of the mind: the greek origins of european thought.
_bGreek origins of european thought.
250 _a1
260 _aNew York
_bHarper and Row publishers
_c1960
300 _axiv,322
650 _aPsychology
999 _c200568
_d200568